| 000 | 01100cam a2200325 a 4500 | ||
|---|---|---|---|
| 001 | 1820 | ||
| 003 | FISKH | ||
| 005 | 20231005121427.0 | ||
| 008 | 910314s1991 ilua j 001 0 eng | ||
| 010 | _a 91003129 | ||
| 020 | _a0516049151 | ||
| 040 |
_aDLC _cDLC _dDLC _beng |
||
| 042 | _alcac | ||
| 050 | 0 | 0 |
_aQB637.8 _b.F69 1991 |
| 082 | 0 | 0 |
_a508 _220 |
| 100 | 1 | _aFowler, Allan. | |
| 245 | 1 | 0 |
_aHow do you know it's winter? / _cby Allan Fowler. |
| 260 |
_aChicago : _bChildrens Press, _c1991. |
||
| 300 |
_a31 pages : _bcolor illustrations ; _c19 cm. |
||
| 440 | 0 | _aRookie read-about science | |
| 505 | _aJ | ||
| 520 | _aA simple description of the characteristics of winter. | ||
| 521 | 8 |
_a490
_bLexile |
|
| 521 | 8 |
_aJ
_bRaz-Plus |
|
| 650 | 0 |
_aWinter _xJuvenile literature. |
|
| 650 | 1 | _aWinter. | |
| 906 |
_a7 _bcbc _corignew _d1 _eocip _f19 _gy-gencatlg |
||
| 942 |
_2ddc _cBK _n0 |
||
| 999 |
_c1820 _d1820 |
||